| 000 | 00694nam a2200193Ia 4500 | ||
|---|---|---|---|
| 008 | 151121s9999||||xx |||||||||||||| ||und|| | ||
| 082 | _aबा। वि। | ||
| 082 | _bHNW-72798 | ||
| 100 | _aकाटेचा सुरज कुंवर | ||
| 245 | _aफुलास खुडती काटे | ||
| 260 | _b"साके त प्रकाशन, औरंगाबाद।" | ||
| 260 | _c-- | ||
| 300 | _a24 | ||
| 600 | _aकाटेचा सुरज कुंवर | ||
| 630 | _aफुलास खुडती काटे | ||
| 700 | _aकाटेचा सुरज कुंवर | ||
| 730 | _aफुलास खुडती काटे | ||
| 942 | _cBOOK | ||
| 999 |
_c1254255 _d1254252 |
||